Digital circuits and design (Record no. 1887)

MARC details
000 -LEADER
fixed length control field 00667 a2200217 4500
001 - CONTROL NUMBER
control field 068066
003 - CONTROL NUMBER IDENTIFIER
control field OSt
005 - DATE AND TIME OF LATEST TRANSACTION
control field 20220124103415.0
008 - FIXED-LENGTH DATA ELEMENTS--GENERAL INFORMATION
fixed length control field
020 ## - INTERNATIONAL STANDARD BOOK NUMBER
International Standard Book Number 9788125920632
082 ## - DEWEY DECIMAL CLASSIFICATION NUMBER
Classification number 621.3815
Item number S34D
100 1# - MAIN ENTRY--PERSONAL NAME
Personal name Salivahanan S
245 1# - TITLE STATEMENT
Title Digital circuits and design
Statement of responsibility, etc by S. Salivahanan and S. Arivazhagam
250 ## - EDITION STATEMENT
Edition statement 3rd ed.
260 ## - PUBLICATION, DISTRIBUTION, ETC. (IMPRINT)
Place of publication, distribution, etc New Delhi
Name of publisher, distributor, etc Vikas Publishing
Date of publication, distribution, etc 2010
300 ## - PHYSICAL DESCRIPTION
Extent 665p.
630 ## - SUBJECT ADDED ENTRY--UNIFORM TITLE
Uniform title Computer Science
653 ## - INDEX TERM--UNCONTROLLED
Uncontrolled term Logic design; Digital electronics; Logic circuits; Sequential analysis; Algebra, Boolean; Electronic circuits; Electronics
700 ## - ADDED ENTRY--PERSONAL NAME
Personal name Arivazhagam, S.
942 ## - ADDED ENTRY ELEMENTS (KOHA)
Source of classification or shelving scheme Dewey Decimal Classification
Koha item type Books
Holdings
Withdrawn status Lost status Source of classification or shelving scheme Damaged status Not for loan Collection code Home library Current library Date acquired Source of acquisition Cost, normal purchase price Total Checkouts Full call number Barcode Date last seen Date checked out Price effective from Koha item type
    Dewey Decimal Classification     General Text Book Central University Of Rajasthan Central University Of Rajasthan 07/03/2012 CSC 325.00 2 621.3815 S34D 2353 25/05/2026 11/05/2026 02/09/2020 Books